Colorado Counties by Population - Statistics

General Stats
  • This quiz has been taken 56 times
  • The average score is 37 of 63
Answer Stats
Population County % Correct
715,522 Denver
100%
730,395 El Paso
97%
655,070 Arapahoe
84%
582,910 Jefferson
81%
519,572 Adams
78%
330,758 Boulder
78%
357,978 Douglas
78%
359,066 Larimer
78%
155,703 Mesa
78%
168,162 Pueblo
78%
328,981 Weld
78%
74,112 Broomfield
70%
31,196 Delta
62%
55,731 Eagle
62%
61,685 Garfield
62%
31,055 Summit
62%
25,849 Montezuma
59%
42,679 Montrose
59%
705 San Juan
59%
26,062 Elbert
57%
788 Hinsdale
57%
55,638 La Plata
57%
29,111 Morgan
57%
17,358 Pitkin
57%
24,710 Teller
57%
13,359 Archuleta
54%
19,476 Chaffee
54%
9,397 Clear Creek
54%
5,808 Gilpin
54%
16,918 Gunnison
54%
1,379 Jackson
54%
14,555 Las Animas
54%
21,528 Logan
54%
4,874 Ouray
54%
4,530 Phillips
54%
24,829 Routt
54%
4,817 Washington
54%
3,506 Baca
51%
1,748 Cheyenne
51%
2,326 Dolores
51%
48,939 Fremont
51%
15,717 Grand
51%
1,446 Kiowa
51%
7,436 Lake
51%
5,675 Lincoln
51%
865 Mineral
51%
13,292 Moffat
51%
6,529 Rio Blanco
51%
6,368 Saguache
51%
5,650 Bent
49%
7,461 Conejos
49%
3,499 Costilla
49%
5,922 Crowley
49%
4,704 Custer
49%
6,820 Huerfano
49%
7,087 Kit Carson
49%
18,690 Otero
49%
11,999 Prowers
49%
11,539 Rio Grande
49%
8,072 San Miguel
49%
2,404 Sedgwick
49%
9,988 Yuma
49%
17,390 Park
43%
No matching quizzes found
Score Distribution
Percent of People with Each Score
Percentile by Number Answered
Your Score History
You have not taken this quiz